Loreto College Library, Kolkata
WEBOPAC (ONLINE PUBLIC ACCESS CATALOGUE)

English poetry of the seventh century (Record no. 44106)

MARC details
000 -LEADER
fixed length control field 00462nam a22001817a 4500
005 - DATE AND TIME OF LATEST TRANSACTION
control field 20250605112900.0
008 - FIXED-LENGTH DATA ELEMENTS--GENERAL INFORMATION
fixed length control field 250605b |||||||| |||| 00| 0 eng d
040 ## - CATALOGING SOURCE
Original cataloging agency Loreto College
041 ## - LANGUAGE CODE
Language code English
082 ## - DDC | ডিউই
Classification number | বর্গসংখ্যা 821.409
Book Number | গ্রন্থাঙ্ক PAR
100 ## - MAIN ENTRY--PERSONAL NAME | মুখ্য সংলেখ - ব্যাক্তিনাম
Personal name | ব্যাক্তিনাম Parfitt,George
245 ## - TITLE STATEMENT | অাখ্যা বিবরণী
Title | অাখ্যা English poetry of the seventh century
Statement of responsibility | লেখকের দায়িত্বের বিবরণ George Parfitt
260 ## - IMPRINT | প্রকাশনা ক্ষেত্র
Place of publication | প্রকাশ স্থান England
Name of publisher | প্রকাশকের নাম Longman
Date of publication | প্রকাশ কাল 1985
300 ## - PHYSICAL DESCRIPTION |
Page / Vol. No | পৃষ্ঠা / খন্ড সংখ্যা 236p.
Other physical details | অনান্য বাহ্যিক বিবরণ 22cm.
650 ## - SUBJECT ADDED ENTRY--TOPICAL TERM | বিষয় শিরোনাম - মূল বিষয়
Topical term | মূল বিষয় English poetry
850 ## - HOLDING INSTITUTION
Holding institution LCLIB
942 ## - ADDED ENTRY ELEMENTS (KOHA)
Koha item type Books
Holdings
Withdrawn status Lost status Source of classification Damaged status Not for loan Home library Current library Date acquired Total Checkouts Full call number Accession No. Date last seen Price effective from Koha item type Coded location qualifier
    Dewey Decimal Classification     Loreto College Loreto College 05/06/2025   821.409 PAR 36974 48268 05/06/2025 05/06/2025 Books